| 000 | 00938nas a2200301 4500 | ||
|---|---|---|---|
| 001 | BR2017003305 | ||
| 003 | BR-BrBNA | ||
| 005 | 20231205131152.0 | ||
| 007 | ta | ||
| 008 | 230509b bl.|||p| |||| 00| 00por d | ||
| 040 |
_aBR-BrBNA _bpor _cBiblioteca Nacional de Agricultura |
||
| 041 | _a(En) | ||
| 072 | _aP10 | ||
| 100 | 1 | _aBispo, D.F.A. | |
| 100 | 1 | _aSilva, M.L.N. | |
| 100 | 1 | _aMarques, J.J.G. de S. e M. | |
| 100 | 1 | _aBechmann, M. | |
| 100 | 1 | _aBatista, P.V.G. | |
| 100 | 1 | _aCuri, N. | |
| 245 | 1 | _aPhosphorus transfer at a small catchment in southern Brazil: distributed modelling in different land use scenarios | |
| 650 | _aBACIA HIDROGRAFICA | ||
| 650 | _aFOSFORO | ||
| 650 | _aUSO DO SOLO | ||
| 650 | _aEROSÃO HIDRICA | ||
| 773 | 0 |
_tCiência e Agrotecnologia (Brazil) _xISSN 1413-7054 _g(Sep-Oct 2017), v. 41(5) p. 565-579 _wBR2017003305 |
|
| 909 |
_a202311 _bLúcia _c55 _dLúcia Elande |
||
| 942 |
_2AGRIS _n0 _cANA |
||
| 999 |
_c253369 _d253369 |
||